| 000 | 00515nam a2200181Ia 4500 | ||
|---|---|---|---|
| 001 | 24257 | ||
| 005 | 20260414151031.0 | ||
| 008 | 260414t2012||||xx |||||||||||||| ||spa|| | ||
| 041 | _aESP | ||
| 082 |
_a345.2 _bB135 |
||
| 100 |
_aBenavente Chorres, Hesbert _eAUT |
||
| 245 | 0 |
_aCalificación de las denuncias penales : _bproblemas y criterios para determinar su procedencia o archivamiento |
|
| 260 | _c2012 | ||
| 300 |
_a219 pƔginas : _c24 cm. |
||
| 650 | _aDER | ||
| 654 | _aCDE | ||
| 942 |
_cLIB _dJUS _fJUS _2ddc _n |
||
| 999 |
_c24257 _d24257 |
||